| 000 | 00359nam a22001337a 4500 | ||
|---|---|---|---|
| 040 | _cNUST | ||
| 082 |
_a621.381 _bMOD |
||
| 100 |
_aWasson, James W. _9118661 |
||
| 245 |
_aElectronics Fundamentals : _bModule 4 / _cJames W. Wasson |
||
| 260 |
_aUnited States : _bAircraft Technical Book Company; _c2015. |
||
| 300 | _a123p. | ||
| 521 | _bHB | ||
| 942 |
_2ddc _cBK |
||
| 999 |
_c606838 _d606838 |
||